000 00596pam a2200193 i 4500
001 4628076
005 20250128153753.0
008 780906s1979 tnu 001 0 eng
020 _a0687360064
050 0 0 _aKF4162.A7
_bW37
082 0 0 _a344/.73/0796
100 1 _aWarshaw, Thayer S.,
_d1915-
245 1 0 _aReligion, Education, and the Supreme Court /
_cThayer S. Warshaw.
260 _aNashville :
_bAbingdon,
_cc1979.
300 _a99 p. ;
_c28 cm.
500 _aIncludes index.
650 0 _aReligion in the public schools
_xLaw and legislation
_zUnited States
_xCases.
942 _2lcc
_cBK
_n0
999 _c3162
_d3162